00539nam a2200109Ia 4500008004100000050002400041100002100065245020700086260008600293300002000379521003000399140724s9999 xx 000 0 und d aHD 5706b.Ib12 2007 aIbañez, JRF R. 2aA comparative analysis of performance of upper school teachers as rated by the students and subjects area heads of Southville International School and Colleges School Year, 2005-2006 /cJRF R. Ibañez. aLas Piñas, Philippines :bSouthville International School and Colleges,cc2007. a66 p. :c28 cm. aHuman Resource Management